| 000 | 00729nam a22002297a 4500 | ||
|---|---|---|---|
| 003 | BD-DhJNU | ||
| 005 | 20250521053408.0 | ||
| 008 | 250521b |||||||| |||| 00| 0 eng d | ||
| 020 | _a9780415300940 | ||
| 020 | _a9780415300933 | ||
| 020 | _a9780203970065 | ||
| 040 |
_aBD-DhJNU _bENG _cBD-DhJNU _dBD-DhJNU |
||
| 082 |
_223 _a306.3 TOC |
||
| 100 | _aTonkiss, Fran | ||
| 245 |
_aContemporary economic sociology : _bglobalisation, production, inequality / _cFran Tonkiss |
||
| 260 |
_aNew York : _bRoutledge Taylor & Francis Group, _c2006. |
||
| 300 |
_axiv, 196p. : _bill. ; _c21 cm. |
||
| 504 | _aIncludes bibliographies and index | ||
| 650 | _aCapitalism | ||
| 650 | _aEconomics Sociological aspects | ||
| 942 |
_2ddc _cBK _n0 |
||
| 999 |
_c1735 _d1735 |
||